Manner-Suomen pienimmät kunnat väkiluvun mukaan - Statistics

Yleistilastot
  • Tätä visaa on pelattu 31 kertaa
  • Keskiarvotulos 15 / 30
Vastaustilastot
% Oikein
690 Luhanka
76%
1250 Kaskinen
72%
1110 Utsjoki
72%
930 Pelkosenniemi
68%
980 Savukoski
68%
655 Lestijärvi
64%
1000 Kivijärvi
60%
1700 Taivassalo
60%
970 Kustavi
56%
1130 Kyyjärvi
56%
1475 Kinnula
52%
1035 Merijärvi
52%
1140 Kannonkoski
48%
1400 Rautavaara
48%
1160 Ristijärvi
48%
1230 Siikainen
48%
1270 Enonkoski
44%
910 Hailuoto
44%
980 Halsua
44%
1665 Jämijärvi
44%
1660 Juupajoki
44%
1390 Multia
44%
1390 Tervo
44%
1665 Miehikkälä
40%
1270 Oripää
40%
1720 Pukkila
40%
1135 Karijoki
36%
1680 Pyhäntä
32%
1670 Kihniö
28%
1695 Myrskylä
28%
Ehtoja vastaavia visoja ei löytynyt
Tulosjakauma
Jokaisen tuloksen saaneiden osuus
Persentiili vastausten määrän mukaan
Tuloshistoriasi
Et ole pelannut tätä visaa